| 000 | 01014naa a2200277 c 4500 | ||
|---|---|---|---|
| 001 | 38942 | ||
| 003 | ES-MaCES | ||
| 005 | 20090609104200.0 | ||
| 008 | 090609n2009 sp t 000 | spa d | ||
| 035 | _aCES20090003856v | ||
| 040 |
_aES-MaCES _bspa _cES-MaCES |
||
| 100 | 1 |
_aVilla Gil, Luis Enrique de la _925895 |
|
| 245 | 1 | 1 |
_a?Entra dentro del Derecho del Trabajo la tarea de resolver situaciones de crisis extremas¿ _cLuis Enrique de la Villa Gil |
| 650 | 4 |
_aEspaña _926964 |
|
| 650 | 4 |
_arégimen jurídico _929894 |
|
| 650 | 4 |
_acondiciones de trabajo _928327 |
|
| 650 | 4 |
_apolítica laboral _928290 |
|
| 650 | 4 |
_aEstatuto de los Trabajadores _930784 |
|
| 650 | 4 |
_alegislación del trabajo _927166 |
|
| 650 | 4 |
_aderecho del trabajo _927165 |
|
| 653 | 1 | 0 | _aRelaciones laborales-Empleo |
| 773 | 0 |
_tAranzadi social _gn. 21 (abr. 2009){10650 R. 073995}; p. 11-21 _w(ES-MaCES)25655 _967494 |
|
| 902 | _aART Artículo de revista | ||
| 942 |
_2CES _cAR _h2.0. |
||
| 999 |
_c38942 _d38942 |
||